New Natural Products: (Record no. 531589)
[ view plain ]
| 000 -LEADER | |
|---|---|
| fixed length control field | 00382nam a22001337a 4500 |
| 003 - CONTROL NUMBER IDENTIFIER | |
| control field | NUST |
| 038 ## - RECORD CONTENT LICENSOR | |
| Staff Name | waseem |
| 082 ## - DEWEY DECIMAL CLASSIFICATION NUMBER | |
| Classification number | 540 |
| Author Mark | BAS |
| 100 ## - MAIN ENTRY--PERSONAL NAME | |
| Personal name | Basha, Fatima Z. |
| 9 (RLIN) | 24467 |
| 245 ## - TITLE STATEMENT | |
| Title | New Natural Products: |
| Remainder of title | Isolated at H.E.J. Research Institute of Chemistry(1976-2010) / |
| Statement of responsibility, etc. | Fatima Z. Basha |
| 260 ## - PUBLICATION, DISTRIBUTION, ETC. | |
| Place of publication, distribution, etc. | Karachi : |
| Name of publisher, distributor, etc. | Khalil Traders, |
| Date of publication, distribution, etc. | 2012. |
| 300 ## - PHYSICAL DESCRIPTION | |
| Extent | 388 p. ; |
| 942 ## - ADDED ENTRY ELEMENTS (KOHA) | |
| Source of classification or shelving scheme | |
| Koha item type | Book |
| Withdrawn status | Lost status | Source of classification or shelving scheme | Damaged status | Not for loan | Permanent Location | Current Location | Date acquired | Source of acquisition | Total Checkouts | Full call number | Barcode | Date last seen | Date last checked out | Price effective from | Koha item type |
|---|---|---|---|---|---|---|---|---|---|---|---|---|---|---|---|
| Central Library (CL) | Central Library (CL) | 10/21/2019 | Donation | 1 | 540 BAS | CL-D-740 | 09/10/2023 | 07/22/2022 | 10/21/2019 | Book | |||||
| Central Library (CL) | Central Library (CL) | 10/21/2019 | Donation | 540 BAS | CL-D-738 | 10/21/2019 | 10/21/2019 | Reference |
